Politika és teológia Borso d'Este Ferrarájában Andreas Pannonius királytükreinek skolasztikus forrásai

Elmentve itt :
Bibliográfiai részletek
Szerző: Bene Sándor
Adatforrás:Philobibl
Forrásdokumentuma:Világosság
50.2009:ősz p. 5-17.
Dokumentumtípus: Cikk
Nyelv:magyar
Kulcsszavak:filozófia, reneszánsz
politikai filozófia
teológia
LEADER 00459nab a2200133 c 4500
001 bibPHI0036514
005 20200924123648.9
008 100108s2009 hu hun
100 1 |a Bene Sándor 
245 1 0 |a Politika és teológia Borso d'Este Ferrarájában  |b Andreas Pannonius királytükreinek skolasztikus forrásai  |c Bene Sándor 
695 |a filozófia, reneszánsz 
695 |a politikai filozófia 
695 |a teológia 
773 0 |t Világosság  |g 50.2009:ősz p. 5-17.